000 004470000a22001810004500
003 MACL
005 20151023134448.0
008 151023b xxu||||| |||| 00| 0 eng d
040 _aMACL
_cMACL
041 _aEnglish
082 _a934/MUL
100 _aDutt, C Romesh
_916377
245 _aThe Great Epics of Ancient India
260 _bEss Ess Publications
_c1976
_aNew Delhi
350 _a80
650 _aHistory
_916378
942 _cBK
_k934
_2ddc
999 _c6679
_d6679